Linear algebra problem book /

Guardado en:
Autor Principal: Halmos, Paul R. 1916-2006.
Formato: Libro
Idioma:English
Publicado: [Washington, DC] : Mathematical Association of America, c1995.
Series:Dolciani mathematical expositions ; no. 16
Etiquetas: Agregar Etiqueta
Sin Etiquetas, Sea el primero en etiquetar este registro!
LEADER 00588nam a22001695a 4500
001 MAT.inmabb000133
008 941018s1995####dcu###########000#0#eng#d
005 20130305172148.0
245 1 0 |a Linear algebra problem book /  |c Paul R. Halmos. 
260 |a [Washington, DC] :  |b Mathematical Association of America,  |c c1995. 
300 |a xiii, 336 p. ;  |c 24 cm. 
440 0 |a Dolciani mathematical expositions ;  |v no. 16 
510 4 |a MR,  |c 96e:15001 
020 |a 0883853221 
100 1 |a Halmos, Paul R.  |q (Paul Richard),  |d 1916-2006. 
084 |a 15-01 (00A07)  |2 msc2000 
859 |h 15  |i H194  |p A-7836  |b BIB. MATEMATICA